[Event "Paris-ch"]
[Site "Paris"]
[Date "1992.??.??"]
[Round "6"]
[White "Ladisic, Alex Sacha"]
[Black "Chomet, Pascal"]
[Result "0-1"]
[WhiteElo "2205"]
[BlackElo "2275"]

1.e4 c5 2.Nf3 e6 3.d4 cxd4 4.Nxd4 a6 5.Nc3 d6 6.Be2 b5 7.f4 Bb7 8.a3 Nd7
9.Bf3 Qc7 10.O-O Ngf6 11.Re1 Rd8 12.Qe2 Nb6 13.Kh1 Be7 14.Nd1 O-O 15.Qf2 Nfd7
16.Qg3 Rfe8 17.b3 Bf8 18.Bb2 g6 19.Nf2 e5 20.fxe5 Nxe5 21.Re2 Bg7 22.Rd1 Nbd7
23.Nh3 Nf6 24.Nf4 Qc5 25.h3 d5 26.exd5 Nxf3 27.Rxe8+ Rxe8 28.gxf3 Nxd5 29.Nd3 Qc8
30.Kh2 Nc3 31.Bxc3 Qxc3 32.Re1 Rxe1 33.Nxe1 Bxd4  0-1

[Event "BUL-ch (Women)"]
[Site "Pernik"]
[Date "1992.??.??"]
[Round "7"]
[White "Velcheva, Maria"]
[Black "Djingarova, Emilia"]
[Result "1-0"]
[WhiteElo "2160"]
[BlackElo "2025"]

1.e4 c5 2.Nf3 e6 3.Nc3 a6 4.d4 cxd4 5.Nxd4 Qc7 6.Be2 Nf6 7.O-O Be7 8.f4 d6
9.Be3 Nc6 10.Qe1 O-O 11.Qg3 Re8 12.Kh1 Bf8 13.Rae1 Rb8 14.Bd3 b5 15.Nxc6 Qxc6
16.e5 Nd7 17.Ne4 d5 18.Ng5 f5 19.exf6 Nxf6 20.Bd4 Ne4 21.Nxe4 dxe4 22.Bxe4 Qc4
23.Be5 Bb7 24.b3 Qc5 25.Bxb8 Bxe4 26.Rxe4 Qxc2 27.Rfe1 Rxb8 28.R4e2 Qf5 29.Rxe6 Bb4
30.R1e4 Rc8 31.h3 Rc1+ 32.Kh2 Bc5 33.Qd3 Bg1+ 34.Kg3 h5 35.Re8+ Kh7 36.Re3 h4+
37.Kf3 Qxd3 38.Rxd3 Rc2 39.Re2  1-0

[Event "BUL-ch (Women)"]
[Site "Pernik"]
[Date "1992.??.??"]
[Round "8"]
[White "Djingarova, Emilia"]
[Black "Danova, Tanja"]
[Result "1-0"]
[WhiteElo "2025"]
[BlackElo "2120"]

1.e4 c5 2.Nf3 e6 3.d4 cxd4 4.Nxd4 a6 5.Nc3 Qc7 6.Be2 Nf6 7.O-O Nc6 8.Nb3 b5
9.f4 d6 10.Bf3 Bb7 11.Be3 Be7 12.a3 O-O 13.g4 Rfe8 14.g5 Nd7 15.Bg2 Bf8 16.Qg4 Nb6
17.Rf3 Nc4 18.Bf2 Nxb2 19.Rh3 g6 20.Qh4 h6 21.gxh6 Kh7 22.f5 Ne5 23.fxe6 fxe6
24.Bd4 Be7 25.Qg3 Nbc4 26.Bf1 Rg8 27.Bxc4 bxc4 28.Nd2 Raf8 29.Rf1 Rxf1+ 30.Nxf1 Bf6
31.Qf4 Qe7 32.Rg3 Rf8 33.Qe3 Nc6 34.Bxf6 Qxf6 35.Nd2 Ne5 36.Nd1 Rf7 37.Qd4 d5
38.exd5 exd5 39.Nf2 Nc6 40.Qxf6 Rxf6 41.Ng4 Rf4 42.Nf3 Nd4 43.Ng5+ Kh8 44.Rg2 Nxc2
45.h7 d4 46.Ne5 Bxg2 47.Nxg6+ Kg7 48.h8=Q+ Kxg6 49.h4 Ne3 50.Qh7+  1-0

[Event "BCF-ch"]
[Site "Plymouth"]
[Date "1992.??.??"]
[Round "4"]
[White "Martin, Andrew D"]
[Black "Mortazavi, Ali"]
[Result "1-0"]
[WhiteElo "2420"]
[BlackElo "2320"]

1.Nf3 c5 2.e4 e6 3.d4 cxd4 4.Nxd4 a6 5.Nc3 Qc7 6.Be2 b5 7.O-O Bb7 8.Bf3 d6
9.a4 b4 10.Na2 Nf6 11.Re1 Be7 12.Bd2 a5 13.c3 bxc3 14.Nxc3 O-O 15.Ndb5 Qd7
16.Bf4 Rd8 17.Rc1 Nc6 18.Nd5 exd5 19.exd5 Ne5 20.Bxe5 dxe5 21.Rc7 Qf5 22.Rxe7 e4
23.Bxe4 Nxe4 24.R7xe4 Qxd5 25.Qxd5 Bxd5 26.Re7 Bb3 27.Nc3 g6 28.h3 Be6 29.Rb7 Rd4
30.Re5 Bd7 31.Rd5 Rxd5 32.Nxd5 Be8 33.b3 Kg7 34.Nb6 Rd8 35.Nc4 Rd1+ 36.Kh2 Kf6
37.Nxa5 Rd2 38.Nc4 Rxf2 39.Nd6  1-0

[Event "Polanica Zdroj op"]
[Site "Polanica Zdroj"]
[Date "1992.??.??"]
[Round "7"]
[White "Hait, Alexander"]
[Black "Swierczewski, Marek"]
[Result "0-1"]
[WhiteElo "2380"]
[BlackElo "2260"]

1.e4 c5 2.Nf3 e6 3.d4 cxd4 4.Nxd4 a6 5.Nc3 Qc7 6.Be2 Nc6 7.O-O Nf6 8.Be3 Bb4
9.Na4 O-O 10.Nxc6 bxc6 11.f4 Rb8 12.Bd3 Be7 13.c4 c5 14.e5 Ne8 15.Qc2 g6
16.Qf2 f6 17.exf6 Nxf6 18.Bxc5 Ng4 19.Qd4 d6 20.Bb6 Qc6 21.h3 Bf6  0-1

[Event "Ponferrada op"]
[Site "Ponferrada"]
[Date "1992.??.??"]
[Round "?"]
[White "Rodriguez, Blas"]
[Black "Cramling, Pia"]
[Result "0-1"]
[WhiteElo "2230"]
[BlackElo "2530"]

1.e4 c5 2.Nf3 e6 3.d4 cxd4 4.Nxd4 a6 5.Nc3 Qc7 6.Bd3 Nf6 7.O-O Bc5 8.Nb3 Be7
9.Qe2 d6 10.f4 Nc6 11.a4 b6 12.Bd2 O-O 13.Rae1 g6 14.e5 Nd7 15.f5 Ncxe5 16.fxe6 fxe6
17.Be4 Rb8 18.Nd4 Nf6 19.Bd3 Qb7 20.Bf4 Qc7 21.Bxa6 Bd7 22.Ncb5 Qc5 23.c3 Nh5
24.b4 Bxb5 25.Bxb5 Nxf4 26.bxc5 Nxe2+ 27.Rxe2 Rxf1+ 28.Kxf1 bxc5 29.Nxe6 Bf6
30.h3 c4 31.Nd4 Rc8 32.Nc2 Kf7 33.Ne3 Rc5 34.Ng4 Nxg4 35.hxg4 d5 36.Rc2 Ke6
37.Ke2 Kd6 38.Kf3 Be5 39.Ke2 Rc7 40.Kf3 Rf7+ 41.Ke2 Kc5 42.Kd2 Rf4 43.Bd7 d4
44.a5 d3 45.Rb2 Rf2+ 46.Kc1 Rf1+  0-1

[Event "Ponferrada op"]
[Site "Ponferrada"]
[Date "1992.??.??"]
[Round "?"]
[White "Garcia, Marcial"]
[Black "Bellon Lopez, Juan Manuel"]
[Result "0-1"]
[WhiteElo "2295"]
[BlackElo "2435"]

1.e4 c5 2.Nf3 e6 3.d4 cxd4 4.Nxd4 a6 5.Nc3 Qc7 6.g3 d6 7.Bg2 Nc6 8.Nde2 b5
9.a3 Bb7 10.O-O Nf6 11.h3 Rc8 12.g4 Be7 13.f4 h6 14.Ng3 Na5 15.g5 hxg5 16.fxg5 Nd7
17.Nh5 O-O 18.Qg4 Ne5 19.Qg3 Ng6 20.Kh1 d5 21.exd5 Qxg3 22.Nxg3 Nh4 23.Be4 Bd6
24.Bf4 e5 25.Bc1 g6 26.Nd1 Rfd8 27.b3 Bc7 28.Ne3 Bb6 29.Bd2 Bxe3 30.Bxe3 Rc3
31.Rfe1 Rxd5 32.Bxd5 Bxd5+ 33.Kg1 Nf3+ 34.Kf1 Nxe1 35.Rxe1 Rxc2 36.b4 Nc4
37.Bc1 Be6 38.h4 Bh3+  0-1

[Event "Ponferrada op"]
[Site "Ponferrada"]
[Date "1992.??.??"]
[Round "?"]
[White "Romero Holmes, Alfonso"]
[Black "Cramling, Pia"]
[Result "1/2-1/2"]
[WhiteElo "2490"]
[BlackElo "2530"]

1.e4 c5 2.Nc3 e6 3.Nf3 a6 4.d4 cxd4 5.Nxd4 Qc7 6.g3 Bb4 7.Bd2 Nf6 8.Bg2 Nc6
9.Nce2 Be7 10.O-O O-O 11.Rc1 b6 12.c4 Bb7 13.Qc2 Rac8 14.b3 Qb8 15.Nxc6 Bxc6
16.Nd4 Bb7 17.Qd3 Qa8 18.Rfe1 Rfd8 19.a4 a5 20.Nb5 d6 21.Bc3 Nd7 22.Bd4 Nc5
23.Qb1 Bf8 24.Nc3 Re8 25.Re2 Nd7 26.Rd1 Rcd8 27.Nb5 Qb8 28.Red2 Nc5 29.Be3 Bc6
30.Bf4 Qb7 31.Nc3 Qb8 32.h3 Rd7 33.Kh2 h6 34.Nb5 Red8 35.Be3 Qb7 36.Nc3 Be7
37.Bh1 Bf6 38.Bd4  1/2-1/2

[Event "Pontevedra2"]
[Site "Pontevedra"]
[Date "1992.??.??"]
[Round "6"]
[White "Rivera, Daniel"]
[Black "Permuy, Carlos"]
[Result "0-1"]
[WhiteElo "2290"]
[BlackElo "2245"]

1.e4 c5 2.Nc3 e6 3.Nge2 a6 4.d4 cxd4 5.Nxd4 Qc7 6.g3 Bb4 7.Ne2 Nf6 8.Bg2 Be7
9.Nf4 Nc6 10.g4 d6 11.g5 Nd7 12.Nd3 b5 13.f4 Bb7 14.Be3 O-O 15.h4 Rfe8 16.O-O Rac8
17.h5 b4 18.Ne2 Bf8 19.Ng3 Nb6 20.g6 fxg6 21.hxg6 h6 22.b3 Nd7 23.Nh5 d5
24.e5 Ne7 25.Rf2 Nf5 26.Bd2 Nc5 27.Nf6+ gxf6 28.exf6 Kh8 29.Ne5 Ne4 30.g7+ Bxg7
31.fxg7+ Qxg7 32.Re2 Rg8 33.Qe1 Nd4  0-1

[Event "Porz"]
[Site "Porz"]
[Date "1992.??.??"]
[Round "7"]
[White "Holzke, Frank"]
[Black "Chuchelov, Vladimir"]
[Result "0-1"]
[WhiteElo "2400"]
[BlackElo "2490"]

1.e4 c5 2.Nf3 e6 3.d4 cxd4 4.Nxd4 a6 5.Nc3 Qc7 6.g3 Nf6 7.Bg2 Be7 8.O-O d6
9.Be3 Bd7 10.a4 Nc6 11.Nxc6 Bxc6 12.a5 O-O 13.Bb6 Qc8 14.Re1 Nd7 15.Nd5 Bxd5
16.exd5 Nxb6 17.dxe6 Nc4 18.exf7+ Rxf7 19.Bd5 Ne5 20.Qh5 Qf8 21.f4 Nc6 22.f5 Nb4
23.Bxf7+ Qxf7 24.Qe2 Nc6 25.Qe6 Qxe6 26.fxe6 Bf6 27.Rad1 Be5 28.Rf1 Rf8 29.b4 Nd4
30.c4 Nxe6 31.Rxf8+ Kxf8 32.Kf2 Ke7 33.Ke3 Nd8 34.Kd3 Nc6 35.Rb1 Kd7 36.Kc2 h5
37.Kb3 Bf6 38.Re1 Ne5 39.h3 Kc6 40.Rd1 Nf3 41.Ka4 Nd4 42.Rb1 Ne2 43.b5+ axb5+
44.cxb5+ Kc5 45.a6 Nc3+ 46.Kb3 Kb6 47.axb7 Kxb7 48.Rf1 Nxb5 49.Kc4 Kc6 50.Rf5 d5+
51.Kd3 h4 52.gxh4 Bxh4 53.Rf4 Bf6 54.h4 Kd6 55.h5 Ke5 56.Rf1 Nd6 57.Rf2 Ne4
58.Rf3 Nc5+ 59.Ke2 d4 60.Kd2 Bg5+  0-1

[Event "CSR-ch"]
[Site "Prague"]
[Date "1992.??.??"]
[Round "1"]
[White "Repkova Eid, Eva"]
[Black "Gross, Stefan"]
[Result "1/2-1/2"]
[WhiteElo "2185"]
[BlackElo "2385"]

1.e4 c5 2.Nf3 e6 3.d4 cxd4 4.Nxd4 a6 5.Nc3 Qc7 6.f4 b5 7.Bd3 Bb7 8.Be3 d6
9.Qf3 Nf6 10.a3 Nbd7 11.O-O Nc5 12.g4 d5 13.e5 Nfe4 14.f5 O-O-O 15.Bxe4 dxe4
16.Qf4 Re8 17.Rad1 f6 18.Nxe6 Nxe6 19.fxe6 Rxe6 20.exf6 Qxf4 21.Rxf4 gxf6
22.Rf5 Bd6 23.Nd5 Bxd5 24.Rfxd5 Bc7 25.h3 Rd8 26.Kf2 Rxd5 27.Rxd5 Re5 28.Rxe5 Bxe5
29.c3 Kd7 30.Bd4 Bf4 31.Bxf6 Ke6 32.Bg7 Bc1 33.b3 Bxa3 34.Ke3 Kd5 35.c4+ bxc4
36.bxc4+ Kxc4 37.Kxe4 a5 38.g5 a4 39.h4 Bc1 40.Kf5 a3 41.h5  1/2-1/2

[Event "Bohemians (Women)"]
[Site "Prague"]
[Date "1992.??.??"]
[Round "13"]
[White "Grinfeld, Alla B"]
[Black "Slabek, Agnieszka"]
[Result "0-1"]
[WhiteElo "2230"]
[BlackElo "2155"]

1.e4 c5 2.Nf3 e6 3.Nc3 a6 4.d4 cxd4 5.Nxd4 Qc7 6.g3 Nc6 7.Bg2 Nge7 8.Nb3 d6
9.a4 b6 10.O-O Rb8 11.f4 g6 12.g4 h5 13.g5 Bg7 14.Be3 O-O 15.Qd2 Na5 16.Nxa5 bxa5
17.Nd1 Rd8 18.c3 d5 19.e5 Nf5 20.Bf2 Bf8 21.Ne3 Nxe3 22.Bxe3 Bc5 23.Rf2 Bd7
24.Bxc5 Qxc5 25.Bf1 Rb6 26.h3 Rdb8 27.Ra2 Bc6 28.Kh2 Ba8 29.Bd3 d4 30.c4 Qc6
31.Kg3 Rb3 32.Kh4 Qh1 33.Rf1 Qg2 34.Rf2 Qg1 35.Rf1 Qe3 36.Qxe3 dxe3 37.Be2 Rxb2
38.Rxb2 Rxb2 39.Re1 Rb3 40.Kg3 Bc6 41.Ra1 Rc3 42.h4 Kf8 43.f5 exf5 44.Kf4 Bd7
45.Rb1 Be6 46.Rb8+ Kg7 47.Rb7 Ra3 48.Rc7 Rxa4 49.Kxe3 Rb4 50.Kd4 a4 51.Ra7 f4
52.Rxa6 f3 53.Bxf3 Rxc4+ 54.Ke3 Rc3+ 55.Kf2 a3  0-1

[Event "CRO-Cup"]
[Site "Pula"]
[Date "1992.??.??"]
[Round "1"]
[White "Milasin, Miljenko"]
[Black "Sulava, Nenad"]
[Result "1/2-1/2"]
[WhiteElo "2280"]
[BlackElo "2405"]

1.e4 c5 2.Nf3 e6 3.d4 cxd4 4.Nxd4 a6 5.Nc3 Qc7 6.Bd3 Nf6 7.O-O d6 8.f4 b5
9.Kh1 Bb7 10.e5 dxe5 11.fxe5 Qxe5 12.Bf4 Qc5 13.Qd2 Nbd7 14.Nb3 Qb6 15.Be3 Qd8
16.Qf2 Be7 17.Ne4 O-O 18.Nxf6+ Nxf6 19.Rad1 Bd5 20.Qg3 g6 21.Bh6 Nh5 22.Qf2 Bh4
23.Qe3 f5 24.Bxf8 Qxf8 25.Be2 Nf6 26.Bf3 Re8  1/2-1/2

[Event "EU-ch U14 Girls"]
[Site "Rimavska Sobota"]
[Date "1992.??.??"]
[Round "?"]
[White "Blimke, Dalia"]
[Black "Djingarova, Emilia"]
[Result "0-1"]
[WhiteElo "2015"]
[BlackElo "2030"]

1.e4 c5 2.Nf3 e6 3.d4 cxd4 4.Nxd4 a6 5.Nc3 Qc7 6.Be2 Nf6 7.Be3 Bb4 8.Bd3 d5
9.Bd2 Bxc3 10.Bxc3 dxe4 11.Be2 Nd5 12.Bd2 O-O 13.O-O Rd8 14.Qc1 e5 15.Nb3 Nc6
16.f3 Qb6+ 17.Kh1 e3 18.Be1 Nf4 19.Bc4 e2 20.Bxe2 Nxe2 21.Qg5 f6 22.Qh4 Ned4
23.Bf2 Qc7 24.Nc5 Qe7 25.Nd3 Be6  0-1

[Event "ROM-chT"]
[Site "?"]
[Date "1992.??.??"]
[Round "?"]
[White "Moldovan, Daniel"]
[Black "Zetocha, Claudiu"]
[Result "1-0"]
[WhiteElo "2450"]
[BlackElo "2300"]

1.e4 c5 2.Nc3 e6 3.Nf3 a6 4.d4 cxd4 5.Nxd4 Qc7 6.Bd3 Nf6 7.Qe2 d6 8.f4 Nbd7
9.Nf3 Nc5 10.Bd2 b5 11.O-O b4 12.Nd1 Bb7 13.Nf2 d5 14.e5 Nfe4 15.Be3 Be7
16.Nd4 O-O 17.Kh1 Na4 18.Rab1 Bc5 19.Nb3 Be7 20.Bd4 Rfc8 21.Ng4 Nac5 22.f5 exf5
23.Rxf5 Rf8 24.Nf6+ Bxf6 25.exf6 Rfe8 26.Nxc5 Ng3+ 27.hxg3 Rxe2 28.Bxe2 Qxg3
29.Kg1 Re8 30.Rf2 Bc8 31.fxg7 Bg4 32.Bxg4 Qxg4 33.c3 bxc3 34.bxc3 a5 35.Rf3 h5
36.Re3 Rxe3 37.Rb8+ Kh7 38.Rh8+  1-0

[Event "ROM-chT"]
[Site "?"]
[Date "1992.??.??"]
[Round "?"]
[White "Ghinda, Mihail Viorel"]
[Black "Ionescu, Mihai"]
[Result "1/2-1/2"]
[WhiteElo "2460"]
[BlackElo "2255"]

1.e4 c5 2.Nf3 e6 3.d4 cxd4 4.Nxd4 a6 5.Nc3 Nc6 6.Nxc6 bxc6 7.e5 d5 8.exd6 Bxd6
9.Ne4 Bb4+ 10.c3 Qxd1+ 11.Kxd1 Be7 12.Bf4 Nf6 13.Bd3 Nxe4 14.Bxe4 Bb7 15.Bc7 Bd8
16.Be5 f6 17.Bd4 Be7 18.Kc2 O-O-O 19.Bb6 Rd7 20.Rhd1 c5 21.Bd3 Rd6 22.Bxc5 Rxd3
23.Bxe7 Rxd1 24.Rxd1 Bxg2  1/2-1/2

[Event "Roquebrune rapid"]
[Site "Roquebrune"]
[Date "1992.??.??"]
[Round "20"]
[White "Ljubojevic, Ljubomir"]
[Black "Polugaevsky, Lev"]
[Result "1/2-1/2"]
[WhiteElo "2610"]
[BlackElo "2630"]

1.e4 c5 2.Nc3 e6 3.Nf3 a6 4.d4 cxd4 5.Nxd4 d6 6.Be3 Nf6 7.g4 e5 8.Nf5 g6
9.g5 gxf5 10.gxf6 f4 11.Bc4 Be6 12.Bxe6 fxe6 13.Qh5+ Kd7 14.Qf7+ Kc6 15.Bd2 Qd7
16.Qh5 b5 17.a4 b4 18.Ne2 a5 19.c3 Na6 20.cxb4 axb4 21.O-O Rg8+ 22.Kh1 Rg6
23.Rfc1+ Kb7 24.Qf3 Rxf6 25.Nd4 d5 26.Nc6 dxe4 27.Qxe4 Qd5 28.Qxd5 exd5 29.Nxe5 Bd6
30.Nd3 Re8 31.Re1 Re4 32.Rad1 f3 33.Rg1 Rh4 34.Rg7+ Nc7 35.Be3 d4 36.Bd2 Rf5
37.Kg1 Bxh2+ 38.Kf1 Bd6 39.Bxb4 Rh1+ 40.Rg1 Rxg1+ 41.Kxg1 Rg5+ 42.Kf1 Bh2
43.Ke1 Nd5 44.Kd2 Nxb4 45.Nxb4 Rg2 46.Rf1 h5 47.Nd3 h4 48.Ne1 Bg3 49.Nxf3 Bxf2
50.Rh1 Bg3+ 51.Kd3 Rxb2 52.Nxh4 Rb3+ 53.Kc4 Ra3 54.Nf5  1/2-1/2

[Event "ARG-ch sf"]
[Site "Rosario"]
[Date "1992.??.??"]
[Round "2"]
[White "Miana, Elias"]
[Black "Perez Cascella, Julio"]
[Result "1-0"]
[WhiteElo "2240"]
[BlackElo "2265"]

1.e4 c5 2.Nf3 e6 3.d4 cxd4 4.Nxd4 a6 5.Nc3 Qc7 6.g3 Nf6 7.Bg2 Nc6 8.O-O Bc5
9.Nb3 Ba7 10.Bf4 Ne5 11.Qd2 d6 12.Rad1 Bb8 13.Bg5 Nfd7 14.Qe2 Nb6 15.Bc1 Bd7
16.f4 Nec4 17.Kh1 Na4 18.Nxa4 Bxa4 19.Nd4 Bd7 20.b3 Nb6 21.Bb2 O-O 22.c4 Nc8
23.Qg4 e5 24.Nf5 Bxf5 25.exf5 f6 26.fxe5 dxe5 27.Bd5+ Kh8 28.Be6 Nd6 29.Ba3 Rd8
30.Qe2 Ba7 31.Rd5 Bd4 32.Bb2 Bxb2 33.Qxb2 b6 34.Rfd1 Nb7 35.Rd7 Rxd7 36.Rxd7 Qc6+
37.Qg2 e4 38.Rd4 Nc5 39.Bd5 Qd6 40.b4 Nd3 41.Rxe4 Qxb4 42.Bxa8 Qb1+ 43.Qg1  1-0

[Event "San Luis op"]
[Site "San Luis"]
[Date "1992.??.??"]
[Round "4"]
[White "Spangenberg, Hugo"]
[Black "Panno, Oscar"]
[Result "1/2-1/2"]
[WhiteElo "2305"]
[BlackElo "2465"]

1.e4 c5 2.Nf3 e6 3.d4 cxd4 4.Nxd4 a6 5.Nc3 Qc7 6.g3 Bb4 7.Bd2 Nf6 8.Bg2 Nc6
9.Nxc6 bxc6 10.O-O a5 11.Na4 Ba6 12.Re1 Bb5 13.Nc3 e5 14.Nxb5 cxb5 15.Bxb4 axb4
16.Re3 O-O 17.a3 Ra4 18.axb4 Rxb4 19.Qb1 Rc4 20.c3 h5 21.Bf1 Rc5 22.Qe1 Rc8
23.Rd1 Kf8 24.Bh3 Rd8 25.Red3 Rc4 26.Re3 Rb8 27.Bf1 Rc6 28.b4 Ra6 29.Qd2 Ra3
30.Rc1 Kg8 31.c4 Rxe3 32.Qxe3 bxc4 33.Rxc4 Qd6 34.b5 g6 35.Ra4 Qd1 36.Rb4 Qd6
37.Qa7 Kg7 38.b6 Qxb4 39.Qxb8 Qd4 40.Qc7 Ng4 41.Qc2 Qxb6 42.Kg2 Qd4 43.Ba6 Nf6
44.Bb7 Qb6 45.Ba8 Qa6 46.Bd5 Nxd5 47.exd5 Qb5 48.Qd2 Qa4 49.h4 Qe4+ 50.Kg1 Qd4
51.Qa5 e4 52.Qb5  1/2-1/2

[Event "Santa Fe op"]
[Site "Santa Fe"]
[Date "1992.??.??"]
[Round "4"]
[White "Servat, Roberto"]
[Black "Herman, Diego"]
[Result "1-0"]
[WhiteElo "2395"]
[BlackElo "2005"]

1.e4 c5 2.Nf3 e6 3.Nc3 a6 4.d4 cxd4 5.Nxd4 Qc7 6.g3 Nf6 7.Bg2 Nc6 8.O-O Be7
9.Re1 Nxd4 10.Qxd4 d6 11.a4 Bd7 12.a5 O-O 13.h3 Rac8 14.Be3 Bc6 15.Qd2 Nd7
16.f4 f5 17.Bf2 fxe4 18.Bxe4 Bxe4 19.Rxe4 Nc5 20.Re2 d5 21.Kh2 Bf6 22.Bd4 Qf7
23.Rae1 Rfd8 24.Qe3 Nd7 25.Qd2 Nc5 26.Qe3 Nd7 27.Qf2 Rc6 28.Nd1 Bxd4 29.Qxd4 Nc5
30.Nf2 Rdc8 31.c3 Qf6 32.Re5 Nd7 33.Ng4 Qg6 34.Rg5 Qc2+ 35.Kg1 e5 36.Qxd5+ Kh8  1-0

[Event "Sao Paulo op"]
[Site "Sao Paulo"]
[Date "1992.??.??"]
[Round "?"]
[White "Zapata, Alonso"]
[Black "Sunye Neto, Jaime"]
[Result "0-1"]
[WhiteElo "2515"]
[BlackElo "2510"]

1.e4 c5 2.Nf3 e6 3.d4 cxd4 4.Nxd4 a6 5.Nc3 b5 6.Be2 Bb7 7.O-O b4 8.Na4 Nf6
9.e5 Nd5 10.Re1 Nc6 11.Bf3 Qa5 12.b3 Nxd4 13.Qxd4 Rc8 14.Bd2 Rxc2 15.a3 Qc7
16.Be4 Rxd2 17.Qxd2 bxa3 18.Rac1 Qb8 19.Qd4 Bb4 20.Red1 O-O 21.Bxd5 Bxd5
22.Nb6 a5 23.Nxd5 exd5 24.Qxd5 g6 25.Kh1 Rc8 26.f4 Rxc1 27.Rxc1 Qa7 28.f5 Qe3
29.Rf1 Qe2 30.Kg1 Bd2 31.Ra1 Bc3 32.fxg6 hxg6 33.Rf1 Qxf1+ 34.Kxf1 a2 35.Qxd7 a1=Q+
36.Ke2 Bxe5 37.g3 Qb2+ 38.Kf1 Bd4 39.Ke1 Bc3+ 40.Kf1 Qd2 41.Qc6 Bd4 42.Qf3 Qxh2
43.Qf4 Qb2 44.g4 Kg7 45.g5 Be5 46.Qe3 Qc3 47.Qe2 Qc1+  0-1

[Event "Sitges op"]
[Site "Sitges"]
[Date "1992.??.??"]
[Round "6"]
[White "Bos Swiecik, Iwona"]
[Black "Spassov, Liuben"]
[Result "0-1"]
[WhiteElo "2225"]
[BlackElo "2405"]

1.e4 c5 2.Nf3 e6 3.d4 cxd4 4.Nxd4 a6 5.Nc3 Qc7 6.Be2 b5 7.O-O Bb7 8.Bf3 Nc6
9.Nxc6 dxc6 10.Qe2 Bd6 11.g3 Ne7 12.Bg2 O-O 13.Be3 e5 14.Rad1 Rad8 15.Rd2 Bc8
16.Rfd1 Bb4 17.Rxd8 Rxd8 18.Rxd8+ Qxd8 19.Qd1 Qxd1+ 20.Nxd1 Be6 21.b3 Ba3
22.Kf1 c5 23.Ke2 Nc6 24.Kd2 c4 25.Bf1 Bb4+ 26.c3 cxb3 27.axb3 Bd6 28.c4 Bb4+
29.Kc2 bxc4 30.bxc4 Na5 31.Nb2 Nb7 32.Nd3 Bxc4 33.Nxb4 Bxf1 34.Nc6 f6 35.f4 Bb5
36.Ne7+ Kf7 37.Nd5 Nd6 38.Nc3 Ke6 39.f5+ Kd7 40.Nxb5 Nxb5 41.g4 h6 42.Bc5 Ke8
43.Bb4 Kf7 44.h4 g6 45.fxg6+ Kxg6 46.Kd3 Nd4 47.Be7 Nf3 48.Ke3  0-1

[Event "SLO-ch"]
[Site "?"]
[Date "1992.??.??"]
[Round "?"]
[White "Riegler, Primoz"]
[Black "Gostisa, Leon"]
[Result "0-1"]
[WhiteElo "2245"]
[BlackElo "2410"]

1.e4 c5 2.Nf3 e6 3.d4 cxd4 4.Nxd4 a6 5.Nc3 Qc7 6.Bd3 d6 7.O-O Nd7 8.Kh1 Ngf6
9.f4 Be7 10.Nf3 b5 11.a3 Bb7 12.Qe2 O-O 13.Bd2 Rac8 14.Rac1 Rfe8 15.Nd1 Nc5
16.Nf2 d5 17.e5 Nfe4 18.Be3 f6 19.b4 Nd7 20.Bd4 f5 21.Be3 Nb6 22.Nd4 Bf8
23.g4 fxg4 24.Nxg4 Nc4 25.Rg1 Kh8 26.Rg2 Qf7 27.Rcg1 Qh5 28.Qe1 Rc7 29.Bxe4 dxe4
30.Nf6 Qf7 31.Nxe8 Qxe8 32.h3 Nxa3 33.Kh2 Bd5 34.c3 Qc8 35.Ne2 Nc4 36.Qg3 Qe8
37.Nd4 Rf7 38.Qe1 Be7 39.Rf1 Qf8 40.Qc1 Nxe5 41.Rfg1 Nd3 42.Qd2 Nxf4 43.Rg3 Bd6
44.Kh1 Nd3 45.R3g2 Ne5 46.Qe1 Nf3 47.Nxf3 Rxf3 48.Rh2 Bxh2 49.Kxh2 h6 50.Rg3 Qf5
51.Kg2 Kh7 52.Qd2 Bc4 53.Bf2 Bf1+  0-1

[Event "SLO-chT"]
[Site "SLO"]
[Date "1992.??.??"]
[Round "?"]
[White "Marusic, V."]
[Black "Sorli, Maja"]
[Result "1-0"]
[WhiteElo "1850"]
[BlackElo "1850"]

1.e4 c5 2.Nf3 e6 3.d4 cxd4 4.Nxd4 a6 5.Nc3 Qc7 6.Be2 Nf6 7.Be3 Bb4 8.Qd3 Nc6
9.f3 Ne5 10.Qd2 Nc4 11.Bxc4 Qxc4 12.Nde2 b5 13.Qd4 Qxd4 14.Bxd4 Bb7 15.O-O-O d6
16.a3 Bc5 17.Rd3 Bxd4 18.Rxd4 Ke7 19.Rhd1 Rhd8 20.a4 Bc6 21.axb5 axb5 22.Rb4 Ra1+
23.Kd2 Rxd1+ 24.Kxd1 e5 25.Ng3 g6 26.Nxb5 Rb8 27.Na7 Bb7 28.Nc6+ Kd7 29.Nxb8+ Kc7
30.Ne2 Kxb8 31.Nc3 Kc8 32.Nb5 Ne8 33.Na7+ Kc7 34.Rc4+ Kb6 35.Nc8+ Kb5 36.Rc3 f5
37.exf5 gxf5 38.Ne7 f4 39.g4 fxg3 40.hxg3 Kb6 41.Nc8+ Kb5 42.Ne7 Kb6 43.Nf5 Ka7
44.b4 Kb8 45.Re3 Kc7 46.c4 Nf6 47.Rd3 e4 48.Rxd6 Ne8 49.Re6 Bc8 50.Rxe8 Bxf5  1-0

[Event "Slupsk op"]
[Site "Slupsk"]
[Date "1992.??.??"]
[Round "?"]
[White "Gdanski, Jacek"]
[Black "Pieniazek, Andrzej"]
[Result "1-0"]
[WhiteElo "2500"]
[BlackElo "2240"]

1.e4 c5 2.Nf3 e6 3.Nc3 a6 4.d4 cxd4 5.Nxd4 d6 6.Bc4 Nf6 7.Bb3 Nbd7 8.f4 Nc5
9.O-O Be7 10.e5 dxe5 11.fxe5 Nfd7 12.Bf4 b5 13.Kh1 Bb7 14.Qg4 Qb6 15.Qxg7 O-O-O
16.Qxf7 Nxb3 17.cxb3 Qxd4 18.Qxe7 Rhg8 19.Bg3 Qd2 20.Rg1 Qxb2 21.Rad1 Rge8
22.Qd6 Qc2 23.Nd5 Bxd5 24.Rxd5 exd5 25.Qxa6+  1-0

[Event "Alekhine op"]
[Site "Smolensk"]
[Date "1992.??.??"]
[Round "2"]
[White "Kondenko, Alexey"]
[Black "Shestoperov, Aleksej"]
[Result "0-1"]
[WhiteElo "2385"]
[BlackElo "2455"]

1.e4 c5 2.Nf3 e6 3.Nc3 a6 4.d4 cxd4 5.Nxd4 Qc7 6.Bd3 Nf6 7.f4 d6 8.g4 Nc6
9.Nxc6 bxc6 10.g5 Nd7 11.Be3 Rb8 12.Rb1 d5 13.Qe2 Bb4 14.O-O O-O 15.a3 Bc5
16.Bxc5 Nxc5 17.b4 Nxd3 18.Qxd3 a5 19.Rf2 axb4 20.axb4 c5 21.b5 c4 22.Qd4 dxe4
23.Rb4 Bb7 24.b6 Qe7 25.Rxc4 Qa3 26.Ra4 Qc1+ 27.Qd1 Qe3 28.Qd4 Qh3 29.Rg2 Rbd8
30.Rg3 Qh5 31.Qf2 Rd7 32.Rd4 Rfd8 33.Rxd7 Rxd7 34.Re3 e5 35.Qg3 h6 36.fxe5 hxg5
37.Qh3 Qxh3 38.Rxh3 Re7 39.Nb5 Rxe5 40.Nd6 e3 41.Kf1 Re7 42.c4 f5 43.Nxb7 Rxb7
44.c5 f4 45.Rh5 f3 46.Rxg5 Rd7 47.Ke1 f2+ 48.Ke2 Rf7  0-1

[Event "Alekhine op"]
[Site "Smolensk"]
[Date "1992.??.??"]
[Round "3"]
[White "Vakulienko, Vladlen"]
[Black "Kharitonov, Andrei Y"]
[Result "0-1"]
[WhiteElo "2360"]
[BlackElo "2505"]

1.e4 c5 2.Nf3 e6 3.d4 cxd4 4.Nxd4 a6 5.Nc3 Qc7 6.Bd3 Nc6 7.Be3 Nf6 8.O-O Ne5
9.h3 Bc5 10.Qe2 d6 11.f4 Ng6 12.Rae1 O-O 13.Kh1 b5 14.Nb3 Bxe3 15.Qxe3 Bb7
16.e5 dxe5 17.fxe5 Nd7 18.Bxg6 hxg6 19.Nd4 Rad8 20.Qf4 Qc4 21.Rd1 f6 22.Qg4 Nxe5
23.Qxe6+ Rf7 24.Qxc4 Nxc4 25.Ne6 Rxd1 26.Rxd1 Nxb2 27.Rd8+ Kh7 28.Rb8 Re7
29.Nd8 b4 30.Rxb7 Rxb7 31.Nxb7 bxc3 32.Nc5 a5 33.Kg1 Nd1 34.Na4 Kh6 35.Kf1 Ne3+
36.Kf2 Nxc2 37.Nxc3 Kg5 38.Kf3 Kf5 39.h4 Nd4+ 40.Ke3 Ne6 41.g3 Kg4 42.Kf2 f5
43.Nd5 f4 44.gxf4 Nxf4 45.Ne7 Kxh4 46.Kf3 g5 47.Nf5+ Kh3 48.Nxg7 Nd5 49.Ne6 g4+
50.Ke4 Nc3+ 51.Kd3 Nxa2  0-1

[Event "Alekhine op"]
[Site "Smolensk"]
[Date "1992.??.??"]
[Round "4"]
[White "Kalegin, Evgenij"]
[Black "Tunik, Gennady"]
[Result "1/2-1/2"]
[WhiteElo "2370"]
[BlackElo "2480"]

1.e4 c5 2.Nf3 e6 3.Nc3 a6 4.d4 cxd4 5.Nxd4 Qc7 6.g3 Nf6 7.Bg2 Bb4 8.O-O O-O
9.Nde2 Be7 10.b3 d6 11.Bb2 Nc6 12.Nf4 Rb8 13.h3 b5 14.a3 a5 15.a4 b4 16.Nb5 Qd7
17.Re1 e5 18.Nd5 Nxd5 19.Qxd5 Na7 20.Bf1 Bb7 21.Qd1 Bc6 22.Bxe5 Nxb5 23.axb5 Bxb5
24.Bd4 Bxf1 25.Rxf1 Rb5 26.Qg4 Qxg4 27.hxg4 Rc8 28.Ra2 Bf6 29.Bxf6 gxf6 30.Rd1 Rc6
31.Kg2 h5 32.gxh5 Rxh5 33.Rd2 Kf8 34.Kf3 Ke7 35.Ke3 Rhc5 36.g4 Rc3+ 37.Rd3 Rxc2
38.Rxa5 R6c3 39.Rd5 Rb2 40.Rxd6 Rbxb3 41.Rd7+ Kf8 42.Rxc3 bxc3 43.Rc7 Kg7
44.Rc6 c2+ 45.Kd2 Rb4 46.f3 Rb3 47.Ke2 Rb2 48.Kd3 Rb3+ 49.Ke2 Rb2 50.Kd3 Rb3+
51.Ke2  1/2-1/2

[Event "BUL-ch sf"]
[Site "Sofia"]
[Date "1992.??.??"]
[Round "4"]
[White "Dimitrov, Vladimir"]
[Black "Andonov, Bogomil"]
[Result "1-0"]
[WhiteElo "2405"]
[BlackElo "2335"]

1.e4 c5 2.Nf3 a6 3.Nc3 e6 4.d4 cxd4 5.Nxd4 Qc7 6.Be2 Nf6 7.O-O b5 8.Bf3 e5
9.Nf5 h6 10.Ne3 Bc5 11.Ncd5 Nxd5 12.Nxd5 Qd8 13.b4 Ba7 14.a4 bxa4 15.Rxa4 O-O
16.Be3 Nc6 17.c3 Bb7 18.Qd3 Ne7 19.Bxa7 Rxa7 20.Ne3 Qa8 21.Ra5 Ng6 22.Nf5 Nf4
23.Qe3 Qb8 24.Rd1 Rd8 25.Nd6 f6 26.h4 Ra8 27.g3 Ne6 28.Be2 Kf8 29.Bc4 Qc7
30.Qe2 Nd4 31.Qh5  1-0

[Event "BUL-ch sf"]
[Site "Sofia"]
[Date "1992.??.??"]
[Round "7"]
[White "Simeonov, Stefan"]
[Black "Kurtenkov, Atanas"]
[Result "1/2-1/2"]
[WhiteElo "2320"]
[BlackElo "2385"]

1.e4 c5 2.Nf3 e6 3.d4 cxd4 4.Nxd4 a6 5.Nc3 b5 6.Bd3 Ne7 7.O-O Nec6 8.Nb3 Be7
9.f4 d6 10.Be3 Nd7 11.Qf3 Bb7 12.Rad1 Nb4 13.Qg3 Nxd3 14.cxd3 O-O 15.Nd4 b4
16.Na4 Bf6 17.b3 Rc8 18.Rc1 Qa5 19.Nb2 Rxc1 20.Rxc1 Rc8 21.Nc4 Qxa2 22.Rf1 Ba8
23.f5 e5 24.Ne6 Qxb3 25.Nxg7 Kh8 26.Nxd6 Rg8 27.Ne6 Rxg3 28.Nxf7+ Kg8 29.Nh6+  1/2-1/2

[Event "St Petersburg op"]
[Site "St Petersburg"]
[Date "1992.??.??"]
[Round "?"]
[White "Ionov, Sergey"]
[Black "Agrest, Evgenij"]
[Result "1-0"]
[WhiteElo "2500"]
[BlackElo "2485"]

1.e4 c5 2.Nc3 e6 3.Nf3 a6 4.d4 cxd4 5.Nxd4 d6 6.g4 b5 7.Bg2 Bb7 8.O-O Nd7
9.a3 g5 10.Qe2 Ne5 11.f4 gxf4 12.Bxf4 Bg7 13.Rad1 Ne7 14.Bg5 h6 15.Bh4 N5g6
16.Qf2 O-O 17.Bf6 Bxf6 18.Qxf6 Kh7 19.Nf5 Qb6+ 20.Kh1 exf5 21.gxf5 Nxf5 22.Rxf5 Rad8
23.Rd3 Qc7 24.Rh5 Bc8 25.Qg5 Rh8 26.Nd5 Kg8 27.Rxh6  1-0